| 000 | 01335cam a2200397 a 4500 | ||
|---|---|---|---|
| 001 | 12979979 | ||
| 003 | GZU | ||
| 005 | 20260316131030.0 | ||
| 008 | 021024s2002 enk b 001 0 eng d | ||
| 010 | _a 2001135921 | ||
| 020 | _a0761954724 | ||
| 020 |
_a0761954732 _qpbk. |
||
| 020 | _a9780761954729 | ||
| 020 |
_a9780761954736 _q(pbk.) |
||
| 022 | _a. | ||
| 035 | _a12979979 | ||
| 035 | _a(OCoLC)48361867 | ||
| 040 |
_aUKM _cUKM _dGZULib _beng _erda |
||
| 042 | _alccopycat | ||
| 050 | 0 | 0 |
_aBF637. _bNEL 2002 |
| 100 | 1 |
_aNelson-Jones, Richard. _eauthor |
|
| 245 | 1 | 0 |
_aEssential counselling and therapy skills : _bthe skilled client model / _cRichard Nelson-Jones. |
| 260 |
_aLondon ; _aThousand Oaks, Calif. : _bSAGE Publications, _c2002. |
||
| 300 |
_axiv, 382 pages ; _c25 cm. _billustrations |
||
| 336 |
_atext _btxt _2rdacontent |
||
| 337 |
_aunmediated _bn _2rdamedia |
||
| 338 |
_avolume _bnc _2rdacarrier |
||
| 504 | _aIncludes bibliographical references (p. [363]-373) and indexes. | ||
| 505 | _a. | ||
| 520 | _a. | ||
| 650 | 0 | _aCounseling. | |
| 650 | 0 | _aPsychotherapy. | |
| 856 | 4 | 2 |
_3Publisher description _uhttp://www.loc.gov/catdir/enhancements/fy0657/2001135921-d.html |
| 856 | 4 | 1 |
_3Table of contents only _uhttp://www.loc.gov/catdir/enhancements/fy0657/2001135921-t.html |
| 942 |
_2lcc _cBK _h637 _iNEL _kBF |
||
| 999 |
_c11723 _d11723 |
||